00390nam a2200157 a 45000010005000000030009000050080041000140400028000550820014000831000026000972450028001232600031001513000010001824900019001926500021002112685CO-ViMGA141112s2004 ck r 000 u spa d aCO-ViMGAbspacCO-ViMGA04a823 N677p1 aNostlinger, Christine10aPor favor vuelve a casa aBogotá : bNorma, c1997 a173 p aTorre de papel14aNOVELA AUSTRIACA